| 000 -CABECERA |
| Longitud fija campo de control |
00521nam a22001577a 4500 |
| 003 - IDENTIFICADOR DEL NÚMERO DE CONTROL |
| Identificador del número de control |
OSt |
| 005 - FECHA Y HORA DE LA ÚLTIMA TRANSACCIÓN |
| Fecha y hora de la última transacción |
20151016140002.0 |
| 008 - CÓDIGOS DE INFORMACIÓN DE LONGITUD FIJA |
| Códigos de información de longitud fija |
130607s1999 sp ||||| |||| 00| 0 spa d |
| 040 ## - FUENTE DE LA CATALOGACIÓN |
| Centro transcriptor |
CDMR |
| 245 ## - MENCIÓN DE TÍTULO |
| Título |
[RNE Barcelona |
| Resto del título |
: 50 años] |
| Mención de responsabilidad, etc. |
Radio Nacional de España Barcelona y Archivo Histórico de Radio Nacional de España |
| 260 ## - PUBLICACIÓN, DISTRIBUCIÓN, ETC. (PIE DE IMPRENTA) |
| Lugar de publicación, distribución, etc. |
[Barcelona |
| Nombre del editor, distribuidor, etc. |
Radio Nacional de España |
| Fecha de publicación, distribución, etc. |
1999] |
| 300 ## - DESCRIPCIÓN FÍSICA |
| Extensión |
26 p. |
| 610 2# - PUNTO DE ACCESO ADICIONAL DE MATERIA - NOMBRE DE ENTIDAD CORPORATIVA |
| 9 (RLIN) |
3198 |
| Nombre de entidad corporativa o nombre de jurisdicción como elemento inicial |
Radio Nacional de España |
| Subdivisión geogr´fica |
Barcelona |
| 710 2# - PUNTO DE ACCESO ADICIONAL - NOMBRE DE ENTIDAD |
| 9 (RLIN) |
3198 |
| Nombre de entidad o nombre de jurisdicción como elemento inicial |
Radio Nacional de España |
| 942 ## - ENTRADA DE ELEMENTOS AGREGADOS (KOHA) |
| Fuente de clasificaión o esquema |
|
| Koha [por defecto] tipo de item |
Fullets |